00525nam a22001937a 450000500170000001000130001702000230003003500130005303700160006604000120008208200180009410000220011224500440013426000410017827000550021930000210027465000210029565000150031620170124110054.0 aB-081298 c750.00a8075241624 aB-081298 bCen Lib/Ret aDPLbEN a613.7046bCHA aChandra Shekar, K aYoga for health /cby K. Chandra Shekar aNew DelhibKhel Sahitya Kendrac2003 a4264/3, Ansari Road, Darya GanjbNew Delhie110002 a383p. c21cm(Hb) aPhysical fitness aHatha yoga